| 000 | 02977cam a22006134i 4500 | ||
|---|---|---|---|
| 003 | PE-LiUPU | ||
| 005 | 20250731173043.0 | ||
| 008 | 170307s2017 miu r 000 0 eng | ||
| 020 | _a0802873936 | ||
| 020 | _a9780802873934 | ||
| 035 | _a(Sirsi) i9780802873934 | ||
| 035 |
_a(OCoLC)973084048 _z(OCoLC)972867043 _z(OCoLC)973004839 _z(OCoLC)973280498 |
||
| 040 |
_aDLC _beng _erda _cDLC _dYDX _dBTCTA _dBDX _dOCLCF _dWIO _dOCLCO _dLNT _dOCLCQ _dPE-LiUPU |
||
| 049 | _aPRUA | ||
| 050 | 0 | 0 |
_aBV600.3 _b.B75 2017 |
| 082 | 0 | 4 |
_a250.8 _bB84 _223 |
| 100 | 1 |
_aBrouwer, Douglas J., _eautor. |
|
| 245 | 1 | 0 |
_aHow to become a multicultural church / _cDouglas J. Brouwer. |
| 264 | 1 |
_aGrand Rapids : _bWilliam B. Eerdmans Publishing Company, _c2017. |
|
| 300 |
_axi, 177 páginas ; _c23 centímetros |
||
| 336 |
_atext _2rdacontent |
||
| 337 |
_aunmediated _2rdamedia |
||
| 338 |
_avolume _2rdacarrier |
||
| 505 | 0 | _aForeword / Wesley Granberg-Michaelson -- Rediscover the meaning of home -- Reconsider the church's name -- Learn to lead (differently) -- Be theologically generous -- Seek to understand--as well as to be understood -- Learn the language -- Move beyond cultural stereotypes -- Consider what the flag might mean -- It's not the music (or the worship style) -- It's the meal (where strangers become friends) -- Afterword / Richard A. Davis. | |
| 526 | _aSEG42 | ||
| 526 | _aSEG41 | ||
| 526 | _aSEG40 | ||
| 526 | _aSEG39 | ||
| 526 | _aP94 | ||
| 526 | _aP87 | ||
| 526 | _aP86 | ||
| 526 | _aP85 | ||
| 526 | _aP77 | ||
| 526 | _aP76 | ||
| 526 | _aP35 | ||
| 650 | 4 | _aIglesia y minorías. | |
| 650 | 0 | _aAsistencia a la iglesia. | |
| 650 | 0 |
_aComunidades _x Aspectos religiosos _xCristianidad. |
|
| 650 | 4 | _aChurch and minorities. | |
| 650 | 0 | _aChurch attendance. | |
| 650 | 0 |
_aCommunities _xReligious aspects _xChristianity. |
|
| 910 |
_adbm _bncf _cncf _d20171226 |
||
| 910 |
_adbm _bksl _cksl _d20171227 |
||
| 942 |
_2ddc _cBOOK |
||
| 949 |
_a250.8 B84 _wDEWEY _c1 _i77766 _lCATALOGING _mBUL _p20.50 _r0 _sY _tBOOK _u2017-12-26 _xPOSGRADO _PP85 _0COMPRA _o.STAFF. Colección Teología. |
||
| 949 |
_a250.8 B84 _wDEWEY _c2 _i77767 _lCATALOGING _mBUL _p20.50 _r0 _sY _tBOOK _u2017-12-26 _xPOSGRADO _PP85 _0COMPRA _o.STAFF. Colección Teología. |
||
| 994 |
_aC0 _bPEPRU |
||
| 596 | _a1 | ||
| 999 |
_a250.8 B84 _wDEWEY _c26394 _i77766 _f2021-11-10 _g4 _lCCODEBUL1 _mBUL _p20.50 _r0 _sY _tBOOK _u2017-12-26 _xTEOLOGIA _PP85 _0DONACION _o.STAFF. Colección Teología. _d26394 |
||
| 999 |
_a250.8 B84 _wDEWEY _c2 _i77767 _f2021-11-10 _g4 _lCCODEBUL1 _mBUL _p20.50 _r0 _sY _tBOOK _u2017-12-26 _xTEOLOGIA _PP85 _0DONACION _o.STAFF. Colección Teología. |
||
| 999 |
_a250.8 B84 _wDEWEY _c3 _i77739 _d2019-6-18 _e2019-6-17 _f2021-11-10 _g4 _lCCODEBUL1 _mBUL _n2 _p20.41 _q1 _r0 _sY _tBOOK _u2017-12-27 _xTEOLOGIA _PP85 _0DONACION _o.STAFF. Colección Teología |
||
| 980 |
_81 _gALBERTO SANCHEZ Responsable de Automatización |
||